Vestník dopravy
Salvato in:
| Natura: | Periodico |
|---|---|
| Lingua: | slovacco |
| Pubblicazione: |
Bratislava
Nakladateľstvo dopravy a spojov
|
| Tags: |
Nessun Tag, puoi essere il primo ad aggiungerne!!
|
MARC
| LEADER | 00000nas1a22000001 4500 | ||
|---|---|---|---|
| 001 | s120888 | ||
| 005 | 20230808110719.1 | ||
| 041 | 0 | |a slo | |
| 044 | |a SK | ||
| 245 | 1 | 0 | |a Vestník dopravy |
| 264 | 1 | |a Bratislava |b Nakladateľstvo dopravy a spojov | |